Southville International School and Colleges
Your cart is empty.
  • Cart
  • Lists
    Public lists Eva Luna New books Lux_list list_1
    Your lists Log in to create your own lists
  • Log in to your account
  • Your cookies
  • Search history
Southville International School and Colleges
  • Advanced search
  • Recent comments
  • Most popular
  • Libraries

Log in to your account

Log in with GOOGLE


If you do not have an external account, but do have a local account, you can still log in:

  1. Home
  2. MARC view: The Rules of wealth :
Normal view MARC view ISBD view

The Rules of wealth : (Record no. 363135)

[ view plain ]
MARC details
000 -LEADER
fixed length control field 00603nam a2200217Ia 4500
008 - FIXED-LENGTH DATA ELEMENTS--GENERAL INFORMATION
fixed length control field 191119s9999 xx 000 0 und d
020 ## - INTERNATIONAL STANDARD BOOK NUMBER
International Standard Book Number 978-1-292-08643-9
050 ## - LIBRARY OF CONGRESS CALL NUMBER
Classification number MAIN HB 251
050 ## - LIBRARY OF CONGRESS CALL NUMBER
Item number .T46 2015
100 ## - MAIN ENTRY--PERSONAL NAME
Personal name Templar, Richard.
245 #4 - TITLE STATEMENT
Title The Rules of wealth :
245 #2 - TITLE STATEMENT
Remainder of title a personal code for prosperity and plenty /
245 #0 - TITLE STATEMENT
Statement of responsibility, etc Richard Templar.
260 ## - PUBLICATION, DISTRIBUTION, ETC. (IMPRINT)
Place of publication, distribution, etc Harlow, England :
260 ## - PUBLICATION, DISTRIBUTION, ETC. (IMPRINT)
Name of publisher, distributor, etc Pearson Education Limited,
260 ## - PUBLICATION, DISTRIBUTION, ETC. (IMPRINT)
Date of publication, distribution, etc 2015
300 ## - PHYSICAL DESCRIPTION
Extent 259 pages :
300 ## - PHYSICAL DESCRIPTION
Dimensions 21 cm.
650 ## - SUBJECT ADDED ENTRY--TOPICAL TERM
Topical term or geographic name as entry element Wealth -- Psychological aspects.
650 ## - SUBJECT ADDED ENTRY--TOPICAL TERM
General subdivision Wealth -- Social aspects.
Holdings
Withdrawn status Lost status Damaged status Home library Current library Shelving location Date acquired Cost, normal purchase price Total Checkouts Full call number Barcode Date last seen Price effective from Koha item type
      South Mansfield College South Mansfield College   09/09/2019 639.20   MAIN HB 251 .T46 2015 SMC06270 06/01/2020 06/01/2020  

The Rules of wealth :

APA

Templar R., .The Rules of wealth. Harlow, England: .

Chicago

Templar Richard, .The Rules of wealth. Harlow, England: .

Harvard

Templar R., .The Rules of wealth. Harlow, England: .

MLA

Templar Richard, .Harlow, England: . .

  • Place hold
  • Print
  • Cite
  • Add to your cart (remove)
  • Save record
    BIBTEX Dublin Core MARCXML MARC (non-Unicode/MARC-8) MARC (Unicode/UTF-8) MARC (Unicode/UTF-8, Standard) MODS (XML) RIS
  • More searches
    Search for this title in:
    Other Libraries (WorldCat) Other Databases (Google Scholar) Online Stores (Bookfinder.com) Open Library (openlibrary.org)

Exporting to Dublin Core...

SOUTHVILLE LIBRARY

Southville International School and Colleges Library

1281 Tropical Ave. Cor. Luxembourg St., BF Homes International, Las Pinas City

Tel. No. 8256374 / 252358 Loc. 117/146

Powered by Koha